[Event "HCL-M897"]
[Site "www.playchess.de"]
[Date "2006.03.13"]
[Round "19"]
[White "Catperson"]
[Black "garethh"]
[WhiteElo "2116"]
[BlackElo "1890"]
[PlyCount "63"]
[Result "1-0"]

1.d4 {Hi, good luck}  Nf6 {Thanks, you too.}  2.c4 
e6 3.Nf3 b6 4.a3 Bb7 5.Nc3 d5 6.cxd5 exd5 7.g3 Be7 
8.Qa4+ Nbd7 9.Ne5 O-O 10.Nc6 Qe8 11.Bg2 Nb8 
12.Nxe7+ Qxe7 13.Bg5 c6 14.O-O h6 15.Bxf6 Qxf6 
16.e4 b5 17.Qd1 dxe4 18.Nxe4 Qg6 19.Nc5 Bc8 20.Re1 
Qd6 21.Rc1 Nd7 22.Nb3 Nb8 {This knight is having 
an identity crisis...it thinks it's a yoyo !!}  
23.d5 {Yeah..I know Petroshan used to develop to 
the back rank, but this is taking it to 
extremes...where are you from, by the way?}  Rd8 
{He was a bit better than me though!
Swansea in South Wales. 
You?}  24.dxc6 {I'm from Bristol. Not far away. 
How's the chess scene where you are?}  Qc7 {I 
haven't played OTB for 10 years so have lost touch 
a bit.}  25.Qxd8+ {Yeah, I don't play so much OTB 
now..the old nerves won't take it..}  Qxd8 {If I 
did play again I am so used to correspondence 
chess I would probably lose on time.}  26.c7 Qd7 
27.Bxa8 Na6 28.Red1 Qg4 29.Rd8+ Kh7 30.Rxc8 Qxc8 
{I have a bad feeling about this.}  31.Bb7 {Well 
it had better work..}  Qxc7 {At last I get that 
damned pawn, pity about the Queen though.}  
32.Rxc7 {Yeah, the boy done well. I am notifying 
his next of kin.}  1-0

[Event "HCL-A2428"]
[Site "www.playchess.de"]
[Date "2006.03.13"]
[Round "35"]
[White "saemi"]
[Black "handrej68"]
[WhiteElo "1632"]
[BlackElo "1384"]
[PlyCount "86"]
[Result "0-1"]

1.e4 {Hello from Iceland}  e6 2.d4 d5 3.Nc3 Bb4 
4.e5 c5 5.a3 cxd4 6.Qxd4 Nc6 7.Bb5 Bd7 8.Bxc6 
Bxc3+ 9.Qxc3 Bxc6 10.Nf3 Ne7 11.O-O Qc7 12.Bg5 O-O 
13.Nd4 Rac8 14.Qg3 Ng6 15.Rae1 Qb6 16.Nb3 Bb5 
17.Be3 Qc7 18.c4 Bxc4 19.Rec1 Qxe5 20.Bc5 Bxf1 
21.Qxe5 Nxe5 22.Bxf8 Rxc1 23.Nxc1 Kxf8 24.Kxf1 Nc4 
25.Nd3 Ke7 26.Ke2 Kd6 27.a4 a6 28.b3 Ne5 29.f4 
Nxd3 30.Kxd3 Kc5 31.g3 b5 32.axb5 axb5 33.Kc3 d4+ 
34.Kc2 Kb4 35.g4 f6 36.h4 e5 37.f5 e4 38.g5 d3+ 
39.Kd2 Kxb3 40.g6 h6 41.h5 Kb2 42.Kd1 e3 43.Ke1 
Kc1 0-1

[Event "HCL-C4190"]
[Site "www.playchess.de"]
[Date "2006.03.13"]
[Round "18"]
[White "sigma40"]
[Black "Skipper_Robert"]
[WhiteElo "1133"]
[BlackElo "963"]
[PlyCount "41"]
[Result "1-0"]

1.e4 e5 2.Nf3 d6 3.Nc3 Nf6 4.Bc4 Bd7 5.h3 a6 6.O-O 
h6 7.d4 Qe7 8.Be3 d5 9.exd5 exd4 10.Bxd4 Bf5 
11.Bxf6 Qxf6 12.Re1+ Be7 13.d6 cxd6 14.Nd5 Qxb2 
15.Rxe7+ Kf8 16.Qe1 Nc6 17.Rb1 Qa3 18.Rbxb7 Kg8 
19.Rexf7 Nd8 20.Rfxg7+ Kf8 21.Qe7+ {gutes Spiel} 
 1-0

[Event "HCL-T266"]
[Site "www.playchess.de"]
[Date "2006.03.13"]
[Round "31"]
[White "richard"]
[Black "pruliere"]
[WhiteElo "1897"]
[BlackElo "1830"]
[PlyCount "41"]
[Result "1-0"]

1.e4 e6 2.d4 d5 3.Nc3 Bb4 4.e5 c5 5.a3 Bxc3+ 
6.bxc3 Qc7 7.Qg4 Ne7 8.Bd3 c4 9.Be2 Ng6 10.h4 Kf8 
11.h5 Ne7 12.h6 g6 13.Nh3 Nbc6 14.Qf3 f5 15.exf6 
Nf5 16.Ng5 Qd8 17.g4 Nd6 18.f7 Qe7 19.a4 a5 20.Ba3 
e5 21.Qxd5 1-0

[Event "HCL-C4187"]
[Site "www.playchess.de"]
[Date "2006.03.13"]
[Round "8"]
[White "nichju"]
[Black "JMD"]
[WhiteElo "1065"]
[BlackElo "1331"]
[PlyCount "46"]
[Result "0-1"]

1.e4 e5 {greetings}  2.Nf3 Nf6 3.Nxe5 Qe7 4.d4 d6 
5.Nc4 Nxe4 6.Be2 d5 7.Ne5 f6 8.Bb5+ c6 9.Qh5+ g6 
10.Nxg6 Qf7 11.Be2 Qxg6 12.O-O Bf5 13.Qxg6+ hxg6 
14.Re1 Nd7 15.Bf3 O-O-O 16.Bf4 g5 17.Bxe4 dxe4 
18.Be3 Bd6 19.Nc3 Rxh2 20.d5 Rdh8 21.f3 exf3 
22.gxf3 R2h1+ 23.Kf2 R8h2+ 0-1

[Event "ACL-T167"]
[Site "www.playchess.de"]
[Date "2006.03.13"]
[Round "35"]
[White "BDG_Girl"]
[Black "Kimura"]
[WhiteElo "1753"]
[BlackElo "1804"]
[PlyCount "81"]
[Result "1-0"]

1.e4 c6 2.d4 d5 3.e5 {Hello again and good luck!}  
Bf5 {Hello!}  4.Nf3 e6 5.Be2 h6 6.O-O Nd7 7.a4 a5 
8.Be3 Qb6 9.Qc1 Ne7 10.Nbd2 Qc7 11.Nh4 Bh7 12.f4 
c5 13.dxc5 g5 14.Nhf3 Nf5 15.Bf2 Bxc5 16.Nb3 Bxf2+ 
17.Rxf2 gxf4 18.Qxf4 Qxc2 19.Nfd2 {Merry Christmas 
and may God Bless you and your family!}  O-O 
{Amen. Merry Christmas for you too!}  20.Bb5 
{Happy New Year!}  Rad8 21.Rc1 Qxb2 22.Bxd7 Rxd7 
23.Ne4 Qxc1+ 24.Qxc1 dxe4 25.Rd2 Rxd2 26.Nxd2 Nd4 
27.Qb2 Rd8 28.Nc4 Rd7 29.Nd6 Nc6 30.Qc3 Bf5 31.Kf2 
Kh7 32.h3 Bg6 33.Qc5 h5 34.Ne8 Rd8 35.Qf8 Rxe8 
36.Qxe8 Nxe5 37.Qb5 Nd3+ 38.Kf1 Nb4 39.Qxb7 e3 
40.Qc7 Bd3+ 41.Kg1 1-0

[Event "HCL-C4182"]
[Site "www.playchess.de"]
[Date "2006.03.13"]
[Round "8"]
[White "Grunert"]
[Black "nichju"]
[WhiteElo "1018"]
[BlackElo "1060"]
[PlyCount "101"]
[Result "1/2-1/2"]

1.d4 d5 {Hallo, auf ein Neues}  2.e3 {ja, viel 
spass!}  Nc6 3.Nf3 Nf6 4.g3 Bg4 5.Bg2 e6 6.O-O Bd6 
7.Qe1 O-O 8.Nc3 Ne4 9.Nxe4 dxe4 10.Nd2 f5 11.b3 h5 
12.h3 Bf3 13.Nxf3 exf3 14.Bxf3 Qg5 15.e4 Nxd4 
16.Bxg5 Nxf3+ 17.Kg2 Nxe1+ 18.Rfxe1 f4 19.Bxf4 
Bxf4 20.gxf4 Rxf4 21.f3 Raf8 22.Ref1 g5 23.Rad1 
Kg7 24.Rd7+ Kh6 25.Rxc7 g4 26.hxg4 hxg4 27.Rxb7 
gxf3+ 28.Kg3 Kg5 29.Rxa7 Rg4+ 30.Kf2 Kf4 31.Re1 
Rg2+ 32.Kf1 Kg3 33.Rg7+ Kh3 34.Rh7+ {(offering 
draw)}  Kg4 35.Rg7+ Kh5 36.Rxg2 fxg2+ 37.Kxg2 Ra8 
38.a4 Kg5 39.Kf3 Kf6 40.Rc1 Ke5 41.c4 Kd4 42.Kf4 
e5+ 43.Kf3 Rf8+ 44.Ke2 Kxe4 45.c5 Rb8 46.c6 Rc8 
47.a5 Kd5 48.Ke3 Rxc6 49.Rxc6 Kxc6 50.Ke4 Kb5 
51.Kxe5 {(offering draw)}  1/2-1/2

[Event "HCL-A2564"]
[Site "www.playchess.de"]
[Date "2006.03.13"]
[Round "35"]
[White "GCP"]
[Black "froilo"]
[WhiteElo "1413"]
[BlackElo "1414"]
[PlyCount "139"]
[Result "1-0"]

1.e4 {hello again, good game}  c5 2.c3 d6 {thanks, 
same wish}  3.d4 cxd4 4.cxd4 Nf6 5.Nc3 a6 6.Bg5 e6 
7.d5 e5 8.Nf3 Be7 9.Be2 O-O 10.O-O Nbd7 11.Nd2 
Nxd5 12.Bxe7 Nxe7 13.Nc4 f5 14.Nxd6 Nc5 15.Bc4+ 
Be6 16.Bxe6+ Nxe6 17.exf5 Nxf5 18.Nxf5 Rxf5 19.Re1 
Qb6 20.Qe2 Raf8 21.Ref1 Nf4 22.Qc4+ Kh8 23.Rad1 
Qg6 24.g3 Qg4 25.Qe4 Nh3+ 26.Kh1 Qf3+ 27.Qxf3 
R5xf3 28.Kg2 Ng5 29.h4 Ne6 30.Rde1 Nd4 31.Rxe5 Rd3 
32.Rd1 Rxd1 33.Nxd1 h6 34.Re7 b6 35.Nc3 Nc6 36.Rc7 
Nb4 37.Rd7 Kh7 38.a3 Nc2 39.Rd6 Rb8 40.Nd5 Ne1+ 
41.Kf1 Nd3 42.Nf6+ gxf6 43.Rxd3 Kg6 44.g4 h5 45.f3 
hxg4 46.fxg4 a5 47.Kf2 b5 48.Rd5 Rb6 49.Kf3 a4 
50.h5+ Kh6 51.Kf4 b4 52.Rd4 bxa3 53.bxa3 Ra6 
54.Kf5 Kg7 55.Rd7+ Kh6 56.Re7 Ra5+ 57.Kxf6 Rg5 
58.Re4 Ra5 59.Re5 Ra6+ 60.Kf5 Ra7 61.Re6+ Kh7 
62.g5 Ra5+ 63.Kf6 Ra7 64.Re7+ Rxe7 65.Kxe7 Kg7 
66.g6 Kg8 67.h6 Kh8 68.g7+ Kg8 69.Ke8 Kh7 
70.Kf8 1-0

[Event "HCL-A2637"]
[Site "www.playchess.de"]
[Date "2006.03.13"]
[Round "6"]
[White "shadow_cup"]
[Black "Matu"]
[WhiteElo "1413"]
[BlackElo "1574"]
[PlyCount "73"]
[Result "1/2-1/2"]

1.e3 e5 2.Nf3 d6 3.d4 e4 4.Nfd2 d5 5.c4 c6 6.Qb3 
Nf6 7.Nc3 Be7 8.Be2 O-O 9.O-O b6 10.cxd5 cxd5 
11.f3 Be6 12.Qc2 Bb4 13.fxe4 Bxc3 14.bxc3 dxe4 
15.Nxe4 Nxe4 16.Qxe4 Qg5 17.Bf3 Nd7 18.Qxa8 Rxa8 
19.Bxa8 Nf6 20.e4 Qg6 21.e5 Nd5 22.Bxd5 Bxd5 
23.Rf2 h5 24.Bf4 h4 25.h3 Qh5 26.Rc1 g5 27.c4 Be4 
28.Be3 g4 29.hxg4 Qxg4 30.Bf4 h3 31.g3 Qd7 32.d5 
b5 33.d6 bxc4 34.Rxc4 Bf5 35.Rb4 a5 36.Rbb2 Be6 
37.Kh2 {(offering draw)}  1/2-1/2

[Event "HCL-E1576"]
[Site "www.playchess.de"]
[Date "2006.03.13"]
[Round "8"]
[White "Sinla"]
[Black "Nimzoindianboy"]
[WhiteElo "1797"]
[BlackElo "1526"]
[PlyCount "53"]
[Result "1-0"]

1.e4 e6 2.d4 {Oh yeah, have a nice game ;)}  d5 
{NICE GAME FO U TOO}  3.Nd2 c5 4.Ngf3 cxd4 5.exd5 
exd5 6.Nxd4 Bc5 7.N2b3 Bb6 8.Bb5+ Bd7 9.O-O Ne7 
10.Re1 O-O 11.Bg5 Re8 12.Nf5 f6 13.Nxe7+ Rxe7 
14.Qxd5+ Kh8 15.Rxe7 Qxe7 16.Qxb7 Qe8 17.Qxa8 Bxb5 
18.Bf4 g5 19.Qxb8 gxf4 20.Qxf4 Qg6 21.Re1 Bc6 
22.Qb8+ Kg7 23.Re7+ Kh6 24.Qf8+ Kh5 25.Rg7 Qe4 
26.Qf7+ Kh6 27.Qxf6+ 1-0

[Event "ACL-A660"]
[Site "www.playchess.de"]
[Date "2006.03.13"]
[Round "2"]
[White "Palhares"]
[Black "PhilipKaveny"]
[WhiteElo "1820"]
[BlackElo "1496"]
[PlyCount "45"]
[Result "1-0"]

1.e4 {hello from portugal. good game}  c5 {Hello 
from Eau Claire WI USA}  2.Nf3 d6 3.d4 cxd4 4.Nxd4 
Nc6 5.Nc3 e6 6.Ndb5 a6 7.Nd4 Nf6 8.Be3 Be7 9.Be2 
O-O 10.O-O d5 11.exd5 Nxd5 12.Nxd5 exd5 13.Qd2 
Nxd4 14.Bxd4 Bf6 15.Rfe1 Be6 16.c3 Bxd4 17.Qxd4 
Qg5 18.Bf3 b5 19.a4 Rac8 20.Be2 Bh3 21.Bf1 Rc4 
22.Qe3 Rg4 23.Qxh3 1-0

[Event "HCL-B3890"]
[Site "www.playchess.de"]
[Date "2006.03.13"]
[Round "4"]
[White "mothball"]
[Black "MasterStefan"]
[WhiteElo "1276"]
[BlackElo "1229"]
[PlyCount "43"]
[Result "1-0"]

1.Nf3 d5 2.g3 Nf6 3.Bg2 Nc6 4.d3 Bf5 5.O-O e6 
6.Nbd2 Bc5 7.c3 O-O 8.Re1 a6 9.Nh4 Ne7 10.Nxf5 
Nxf5 11.e4 dxe4 12.Nxe4 Nxe4 13.Bxe4 Nd6 14.Bxh7+ 
Kxh7 15.Qh5+ Kg8 16.Qxc5 b6 17.Qh5 Re8 18.Qg4 Rb8 
19.h4 Qf6 20.h5 Nf5 21.Bg5 Qe5 
22.Rxe5 1-0

[Event "HCL-A2606"]
[Site "www.playchess.de"]
[Date "2006.03.13"]
[Round "2"]
[White "RUDI"]
[Black "Nulnulnix"]
[WhiteElo "1234"]
[BlackElo "1323"]
[PlyCount "52"]
[Result "1/2-1/2"]

1.c4 {hello, nice to meet you!}  e5 {Viel Spaß und 
möge der glücklichere gewinnen}  2.d4 {ja genau}  
exd4 3.Qxd4 Nc6 4.Qd1 Bc5 5.e3 Qf6 6.Nc3 Bb4 7.Bd2 
Nge7 8.Nf3 Ne5 9.Be2 c6 10.O-O a5 11.a3 Nxf3+ 
12.Bxf3 Bd6 13.Ne4 Qe5 14.Nxd6+ Qxd6 15.Bc3 Qxd1 
16.Raxd1 O-O 17.b4 axb4 18.axb4 d5 19.c5 Be6 
20.Rda1 Rfd8 21.Rfb1 Nf5 22.h3 Nh4 23.Be2 Bf5 
24.Rxa8 Rxa8 25.Ra1 Rxa1+ 26.Bxa1 Bc2 {(offering 
draw)}  1/2-1/2

[Event "HCL-C4173"]
[Site "www.playchess.de"]
[Date "2006.03.13"]
[Round "20"]
[White "Tribun"]
[Black "mib"]
[WhiteElo "781"]
[BlackElo "906"]
[PlyCount "73"]
[Result "1-0"]

1.e4 e5 2.d3 Qf6 3.Nf3 Bc5 4.Bg5 Qb6 5.b3 Bxf2+ 
6.Ke2 Nf6 7.Nxe5 d6 8.Nc4 Bg4+ 9.Kd2 {cool!!}  
Qb4+ 10.c3 Bxd1 {where from?
}  11.cxb4 {I live in Berlin}  Bg4 12.h3 Be6 
13.Na5 Nc6 14.Nxb7 Nxb4 15.Rh2 Bg3 16.Rh1 Bc8 
17.Na5 Ba6 18.Nc3 Nxd3 19.Bxd3 Bxd3 20.Kxd3 Nd7 
21.Ne2 Be5 22.Rac1 c5 23.Nc4 O-O 24.Rcf1 f6 25.Bh4 
h6 26.Ne3 Rab8 27.Nf5 Rfe8 28.g4 g5 29.Bf2 Kh7 
30.h4 gxh4 31.Rxh4 Kg6 32.Rxh6+ Kg5 33.Bh4+ Kxg4 
34.Rg1+ Kf3 35.Rf1+ Kg2 36.Ne3+ Kh3 
37.Bxf6+ 1-0

[Event "HCL-B3879"]
[Site "www.playchess.de"]
[Date "2006.03.13"]
[Round "15"]
[White "RUDI"]
[Black "xmen"]
[WhiteElo "1234"]
[BlackElo "1433"]
[PlyCount "72"]
[Result "0-1"]

1.c4 Nf6 2.d4 g6 3.Nc3 Bg7 4.Bf4 O-O 5.e3 d6 6.Bd3 
c5 7.d5 e6 8.e4 e5 9.Be3 Ne8 10.Nf3 f5 11.Qd2 f4 
12.O-O fxe3 13.Qxe3 Nf6 14.a3 Ng4 15.Qd2 Bh6 
16.Qe2 Nf6 17.Bc2 Bg4 18.h3 Bh5 19.Bd1 Nbd7 20.Qd3 
g5 21.Nd2 Bxd1 22.Raxd1 g4 23.Rde1 gxh3 24.Qg3+ 
Kh8 25.f4 hxg2 26.Rf3 Rg8 27.Qh3 Bxf4 28.Re2 Qe7 
29.Qf5 Qg7 30.Rh3 Qg4 31.Qxg4 Rxg4 32.Rxg2 Rxg2+ 
33.Kxg2 Rg8+ 34.Kh1 Bxd2 35.Nb5 Nxe4 36.Nxa7 
Nf2+ 0-1

[Event "HCL-B3906"]
[Site "www.playchess.de"]
[Date "2006.03.13"]
[Round "1"]
[White "Aggie"]
[Black "OTERO"]
[WhiteElo "1337"]
[BlackElo "1601"]
[PlyCount "40"]
[Result "0-1"]

1.e4 e5 2.Nf3 Nc6 3.Bb5 f5 4.exf5 e4 5.Bxc6 dxc6 
6.Qe2 Qe7 7.Nd4 Qe5 8.c3 Bd6 9.g3 Nf6 10.b4 O-O 
11.Na3 Bxf5 12.Nxf5 Qxf5 13.O-O Ng4 14.Nc4 Qh5 
15.h4 Rae8 16.Ne3 Rf3 17.Nxg4 Qxg4 18.Qc4+ Kh8 
19.Re1 Bxg3 20.Rxe4 Rxe4 0-1

[Event "HCL-A2642"]
[Site "www.playchess.de"]
[Date "2006.03.13"]
[Round "6"]
[White "wbaldan"]
[Black "lunchpail"]
[WhiteElo "1698"]
[BlackElo "1444"]
[PlyCount "72"]
[Result "0-1"]

1.d4 Nf6 {hello. have a good game.}  2.c4 d6 3.Nf3 
Nbd7 4.Nc3 e5 5.Bg5 Be7 6.e3 O-O 7.Qc2 c6 8.Be2 
Ne8 9.Bxe7 Qxe7 10.O-O f5 11.e4 f4 12.Rab1 Nef6 
13.Bd3 h6 14.Rfe1 g5 15.b4 g4 16.dxe5 dxe5 17.Nd2 
Nh5 18.f3 Ndf6 19.c5 g3 20.Bc4+ Kh8 21.Nf1 gxh2+ 
22.Nxh2 Ng3 23.Rbd1 Nfh5 24.Rd6 Qg5 25.Red1 Bh3 
26.Be6 Bxe6 27.Rxe6 Ng7 28.Red6 h5 29.R6d7 Ne6 
30.Qb2 Rab8 31.R1d6 Nd4 32.Rc7 Rfg8 33.Rdd7 Nge2+ 
34.Kf1 Qxg2+ 35.Ke1 Qg1+ 36.Kd2 
Qe3+ 0-1

[Event "ACL-T164"]
[Site "www.playchess.de"]
[Date "2006.03.13"]
[Round "6"]
[White "Status_Quo"]
[Black "Kimura"]
[WhiteElo "1822"]
[BlackElo "1856"]
[PlyCount "63"]
[Result "1-0"]

1.e4 Nc6 2.d4 d5 3.Nc3 {Hello.Not many players 
were interested in this tournament}  Nf6 {Well, I 
think that this tournament will be interesting: 
its my first time playing this defense!}  4.e5 {I 
find it sound but a bit passive. 3...dxe4 is 
complicated and hard for Black to play. I am 
interested how 3...Nf6 works out.Good luck!}  Nd7 
5.Nxd5 Ndb8 6.Nc3 Qxd4 7.Be3 {Lets make it 
interesting :-)}  Qxe5 8.Nf3 Qf6 9.Qd2 e6 10.O-O-O 
h6 11.h4 a6 12.Bf4 Nd7 13.Ne4 Qg6 14.Bd3 e5 
15.Rhe1 Be7 16.Nc5 {There's plenty going on here. 
:-)}  Qd6 17.Nxd7 exf4 18.Nde5 Qf6 19.Nxc6 bxc6 
20.Re4 {Sorry for slight delay, not very well just 
now.}  Rb8 21.c3 O-O {I hope you are doing better 
now}  22.Rxf4 {Thank you, yes. However it is a 
recurring problem}  Qd6 {Well, but that didn't 
diminished your advantage in this game!}  23.Qe3 
{Not yet; I have another try to fluff it THIS move 
;-)}  Qe6 {Excuse me!  ;=)}  24.Qxe6 {You are good 
fun! It is nice to have a few laughs. The game may 
go dull now :-(.Or maybe not, let's see what 
happens...}  Bxe6 {Please, don't scare me! My 
silicon partner says that I have to be 
cautious...}  25.Ra4 {I am glad my partner knows 
what he is doing, I don't.:-)}  Rb6 {Nothing 
better to offer... :-)}  26.Bc4 {Good ;-). Still, 
there is plenty of time for me to make a mistke. 
See what I mean?}  Bxc4 {I that move is a mistake, 
I don't want to see good moves! ;-)}  27.Rxc4 {Me 
neither!}  Bd6 28.Re1 { On move 26 I wrote "Still, 
there is plenty of time for me to make 

a mistke. See what I mean?". It wasn't my move 
that was a mistake, the mistake was my typing, 
"mistke" not mistake. See what I mean now? Just a 
little joke. Sorry :-).}  f5 {Ok, now I undestand! 
:-)}  29.h5 {I found a Venezuelan coin once, very 
heavy. After a little research I learned that 
Venezuela is a leading silver producer and that 
silver is similar to lead for "weight". I sold it 
to the local coin dealer for about £1 sterling. A 
bad deal I think}  f4 {If you found a "peso" 
(weight), then it should be a very old coin, 
because nowadays our currency is the "Bolivar". 
Besides, we don't have silver currencies in 
circulation since a half a century.}  30.Nd4 {My 
brother and I found the coin, around 1972. That is 
already 34 years ago!I don't remember the date of 
the coin :-(.We were amazed to find a Venezuelan 
coin in England! Part of someones holiday no 
doubt.}  c5 {Ok, I understand. Maybe you lived in 
a city with an important port. I grew up near our 
most important port and I found coins from far 
away countries.}  31.Nf3 {Caracas is the capital 
city? It is hard to remember now as I studied it 
at school 30 years ago.}  Rf5 {Yes, the capital 
city is Caracas. Currently, I'm living there.}  
32.Rh1 {I will swap the snow rain and wind of 
England for your sunshine ;-). I am looking 
forward to the summer and the soccer world cup.} 
 1-0

[Event "ACL-T164"]
[Site "www.playchess.de"]
[Date "2006.03.13"]
[Round "10"]
[White "Kimura"]
[Black "Lullo"]
[WhiteElo "1856"]
[BlackElo "2177"]
[PlyCount "30"]
[Result "0-1"]

1.e4 Nc6 2.d4 d5 3.e5 Nh6 {Hi, have a nice game}  
4.Nf3 {Hello, good luck}  Bg4 5.c3 Qd7 6.h3 Bh5 
7.Bxh6 gxh6 8.Nbd2 f5 9.Qb3 O-O-O 10.O-O-O Rg8 
11.Rg1 e6 12.Qa4 a6 13.Re1 Be7 14.Bd3 Rdf8 15.g3 
Nd8 0-1

[Event "ACL-T160"]
[Site "www.playchess.de"]
[Date "2006.03.13"]
[Round "9"]
[White "luciano59"]
[Black "Kimura"]
[WhiteElo "1996"]
[BlackElo "1856"]
[PlyCount "63"]
[Result "1-0"]

1.f4 e5 2.fxe5 d6 3.exd6 Bxd6 4.Nf3 g5 5.d4 g4 
6.Ne5 Bxe5 7.dxe5 Qxd1+ 8.Kxd1 Be6 9.Nc3 Nc6 
10.Bf4 O-O-O+ 11.Kc1 Nge7 12.Bg5 Rhe8 13.Bf6 Rd7 
14.e4 Rd4 15.Bd3 a6 16.Ne2 Rd7 17.Nf4 Ng6 18.Nxg6 
fxg6 19.b3 Bf7 20.Kb2 Nxe5 21.Be2 h5 22.Rhf1 g5 
23.Rf5 Ng6 24.Bxg5 Nf8 25.Raf1 Nh7 26.Bh4 Bg6 
27.Ra5 Rxe4 28.Bd3 Re6 29.Bxg6 Rxg6 30.Rxh5 b5 
31.Rf4 c5 32.Rxc5+ 1-0

[Event "ACL-T170"]
[Site "www.playchess.de"]
[Date "2006.03.13"]
[Round "3"]
[White "Kimura"]
[Black "puddschini"]
[WhiteElo "1856"]
[BlackElo "1974"]
[PlyCount "42"]
[Result "1/2-1/2"]

1.d4 d5 2.c4 e6 3.Nf3 Nf6 4.Nc3 Be7 5.Bg5 Nbd7 
6.e3 c6 7.Rc1 O-O 8.Bd3 dxc4 9.Bxc4 Nd5 10.Bxe7 
Qxe7 11.O-O Nxc3 12.Rxc3 e5 13.dxe5 Nxe5 14.Nxe5 
Qxe5 15.f4 Qe4 16.Re1 Qe7 17.e4 Be6 18.Bxe6 Qxe6 
19.Qb3 Qe7 20.e5 Rad8 21.Qc2 Rd4 {(offering draw)} 
 1/2-1/2

[Event "HCL-A2645"]
[Site "www.playchess.de"]
[Date "2006.03.13"]
[Round "30"]
[White "BohdanL"]
[Black "shadow_cup"]
[WhiteElo "1502"]
[BlackElo "1452"]
[PlyCount "40"]
[Result "0-1"]

1.e4 {hi, have a nice game
}  e6 {Hi. have a nice game too}  2.Qe2 c5 3.f4 
Nf6 4.Nf3 a6 5.a4 b6 6.c3 Bb7 7.d3 Be7 8.Na3 O-O 
9.Nc2 d5 10.e5 Nfd7 11.Be3 Nc6 12.Qd2 b5 13.axb5 
axb5 14.Rxa8 Qxa8 15.b4 cxb4 16.Nxb4 Qa1+ 17.Kf2 
Bxb4 18.cxb4 d4 19.Qc1 dxe3+ 20.Kxe3 
Qxc1+ 0-1

[Event "HCL-C4164"]
[Site "www.playchess.de"]
[Date "2006.03.13"]
[Round "31"]
[White "nichju"]
[Black "JMD"]
[WhiteElo "1075"]
[BlackElo "1337"]
[PlyCount "36"]
[Result "0-1"]

1.e4 {Bonsoir JMD!}  e5 {bonsoir et greetings from 
Paris}  2.Nf3 Nf6 3.Nxe5 Qe7 4.d4 d6 5.Nc4 Nxe4 
6.Be2 d5 7.Ne5 f6 8.Bh5+ g6 9.Nxg6 hxg6 10.Bxg6+ 
Kd8 11.O-O Qd6 12.Re1 Qxh2+ 13.Kf1 Bh3 14.Bxe4 
dxe4 15.Rxe4 Bxg2+ 16.Ke2 Bxe4 17.Nc3 Qg2 18.d5 
Bf3+ 0-1

[Event "HCL-C4165"]
[Site "www.playchess.de"]
[Date "2006.03.13"]
[Round "6"]
[White "JMD"]
[Black "Tribun"]
[WhiteElo "1329"]
[BlackElo "754"]
[PlyCount "63"]
[Result "1-0"]

1.d4 {greetings from Paris}  d5 2.e4 e5 {..nice to 
meet you again!:)}  3.dxe5 d4 4.Bc4 Be6 5.Bxe6 
fxe6 6.Nf3 c5 7.Qd3 Qa5+ 8.Bd2 Qb6 9.b3 Qc6 10.O-O 
Be7 11.Re1 b6 12.a4 Nd7 13.Na3 a6 14.c3 Qc7 
15.cxd4 Rd8 16.Qxa6 Qb8 17.Nb5 Rc8 18.Rec1 Qa8 
19.Nc7+ Kd8 20.Nxa8 Nh6 21.Nxb6 Nxb6 22.Qxb6+ Kd7 
23.Qb7+ Rc7 24.Qb5+ Kd8 25.Ba5 Rg8 26.Qb8+ Kd7 
27.Qxc7+ Ke8 28.d5 g5 29.d6 Rg7 30.Nxg5 Ng8 
31.Nxe6 Rf7 32.d7+ 1-0

[Event "HCL-B3895"]
[Site "www.playchess.de"]
[Date "2006.03.13"]
[Round "8"]
[White "longino"]
[Black "DavidFields"]
[WhiteElo "1170"]
[BlackElo "1198"]
[PlyCount "73"]
[Result "1-0"]

1.c4 c5 {hello neighbor from Texas}  2.e3 Nc6 3.d3 
a6 4.Ne2 b5 5.cxb5 axb5 6.g3 Bb7 7.Bg2 Nf6 8.Nbc3 
e6 9.O-O d5 10.Nxb5 Qb6 11.Nbc3 Bd6 12.Nf4 d4 
13.exd4 Nxd4 14.Na4 Qb5 15.Nc3 Qb6 16.Nfe2 Bxg2 
17.Kxg2 O-O 18.Nxd4 cxd4 19.Ne2 Ng4 20.h3 Ne5 
21.Nf4 Nd7 22.Nh5 f5 23.Nf4 Rf6 24.b3 e5 25.Nd5 
Qb7 26.Qf3 e4 27.Nxf6+ Nxf6 28.Qxf5 e3+ 29.Kg1 Re8 
30.fxe3 dxe3 31.Re1 Re5 32.Qf1 Bc5 33.Re2 Nh5 
34.Qg2 Qd7 35.Bb2 Rf5 36.Rf1 Rg5 
37.Qa8+ 1-0

[Event "HCL-M842"]
[Site "www.playchess.de"]
[Date "2006.03.13"]
[Round "5"]
[White "mira"]
[Black "takis"]
[WhiteElo "1988"]
[BlackElo "2202"]
[PlyCount "87"]
[Result "1-0"]

1.d4 {Hi! Good game!}  d5 2.e4 c6 3.e5 Bf5 4.g4 
Bd7 5.c4 e6 6.Nc3 c5 7.cxd5 exd5 8.Nf3 Nc6 9.h3 h5 
10.g5 cxd4 11.Nb5 Qb6 12.a3 Bc5 13.b4 Nxb4 14.Nd6+ 
Bxd6 15.exd6 Nc6 16.Bd3 Kf8 17.Bf4 Rb8 18.Kf1 h4 
19.Kg2 f6 20.Re1 Qa5 21.Bg6 Qc3 22.Qe2 Qc4 23.Bd3 
Qb3 24.Reb1 Qc3 25.Rbc1 Qb3 26.Rxc6 bxc6 27.Rb1 
Qxb1 28.Bxb1 Rxb1 29.Qa6 Rb8 30.Qxa7 Rd8 31.Nxd4 
g6 32.gxf6 Rh7 33.Ne6+ Bxe6 34.Qxh7 Bf7 35.Qxh4 
Ke8 36.Qg4 Rd7 37.Qe2+ Kf8 38.Qe5 c5 39.Bg5 c4 
40.Kf3 Ra7 41.Kf4 Rd7 42.a4 d4 43.Qxd4 Be6 
44.a5 1-0

[Event "HCL-B3914"]
[Site "www.playchess.de"]
[Date "2006.03.13"]
[Round "10"]
[White "foinaven"]
[Black "epenz"]
[WhiteElo "1418"]
[BlackElo "830"]
[PlyCount "21"]
[Result "1-0"]

1.d4 d5 2.e4 dxe4 3.Nc3 f5 4.f3 e5 5.fxe4 fxe4 
6.Qh5+ g6 7.Qxe5+ Qe7 8.Qxh8 Nf6 9.Bg5 Nbd7 10.Nd5 
Kf7 11.Nxe7 1-0

[Event "HCL-A2620"]
[Site "www.playchess.de"]
[Date "2006.03.13"]
[Round "3"]
[White "Alberto"]
[Black "Josef1901"]
[WhiteElo "1604"]
[BlackElo "1596"]
[PlyCount "37"]
[Result "1-0"]

1.Nf3 {Hello from Milan, Italy; Alberto}  Nf6 
{hello from Linz Austria}  2.g3 g6 3.Bg2 d5 4.O-O 
Bg7 5.d3 O-O 6.Nbd2 Bg4 7.h3 Bf5 8.Re1 Qc8 9.Kh2 
h5 10.e4 dxe4 11.dxe4 Be6 12.c3 Nc6 13.Nb3 Rd8 
14.Qc2 Nb8 15.Nc5 Nc6 16.Nxe6 Qxe6 17.Bf4 Rd7 
18.b3 Rad8 19.Ng5 1-0

[Event "HCL-T263"]
[Site "www.playchess.de"]
[Date "2006.03.13"]
[Round "1"]
[White "marceli"]
[Black "stevetilbury"]
[WhiteElo "1865"]
[BlackElo "1630"]
[PlyCount "45"]
[Result "1-0"]

1.d4 f5 2.c4 Nf6 3.Nc3 {hello again}  g6 {good to 
play you again I don't often paly the Dutch but 
occasionally tranpose into it when my opponent 
plays 1.c4, so I thought a few games would help}  
4.g3 {I´ve never played Dutch as black, but I 
think it´s a very good option and want to test it 
for playing at my chess club}  Bg7 {I think this 
version (Leningrad is the most interesting )}  
5.Bf4 {dont´t know much about the theory (yet), 
it´s not easy to play for white}  d6 {I've had 
some good fun with both sides - not always good 
results though!}  6.Nf3 c6 7.Bg2 O-O 8.O-O Nh5 
9.Bg5 Qc7 10.Qb3 Be6 11.d5 Bf7 12.Rad1 Na6 13.Nd4 
Nc5 14.Qc2 e5 15.dxe6 Nxe6 16.Nxe6 Bxe6 17.b3 Kh8 
18.Bf3 Nf6 19.Bf4 Rad8 20.c5 Ne8 21.cxd6 Nxd6 
22.Bxd6 Rxd6 23.Nb5 1-0